Religion Quiz

Random Religion or Bible Quiz

'And The Lord Spoke Unto...' Whom? Quiz Stats

Quiz Updated Jul 18, 2013

Challenge
Share
Tweet
Embed
Score 0/22 Timer 07:00
11 Plays Today
% Correct
Moses
88.8%
Cain
85.8%
Abraham
80.1%
Adam
79.7%
Joseph
79.1%
Noah
77.2%
Mary
76.9%
Jacob
75.2%
Eve
73.7%
Children of Israel
71%
Rebekah
68.2%
% Correct
Solomon
65.8%
Joshua
65.3%
Satan
61.8%
Paul
58.4%
Aaron
57.1%
Zacharias
57%
Serpent
54.7%
John
52.2%
Job
46.6%
Samuel
46.2%
Nathan
35.9%

You're not logged in!

Compare scores with friends on all Sporcle quizzes.
Sign Up with Email
OR
Log In

You Might Also Like...

Show Comments

Extras

Top Quizzes Today


Score Distribution

Your Account Isn't Verified!

In order to create a playlist on Sporcle, you need to verify the email address you used during registration. Go to your Sporcle Settings to finish the process.